[Event "CAN-op"]
[Site "Regina CAN"]
[Date "2019.07.13"]
[Round "2.8"]
[White "Wiebe, Isaac"]
[Black "Wang, Paul"]
[Result "1-0"]
[WhiteElo "2062"]
[BlackElo "1902"]
[PlyCount "63"]
[EventDate "2019.07.12"]
[EventType "swiss"]
[EventRounds "9"]
[EventCountry "CAN"]

1. d4 d5 2. Bf4 Nf6 3. e3 e6 4. Nf3 c5 5. c3 Nc6 6. Nbd2 Bd6 7. Bg3 O-O 8. Bb5
a6 9. Bd3 b6 10. Qe2 Bb7 11. Rd1 Re8 12. e4 Be7 13. dxc5 bxc5 14. e5 Nh5 15.
Ng5 Bxg5 16. Qxh5 g6 17. Qe2 Bh6 18. h4 Bg7 19. h5 d4 20. hxg6 fxg6 21. Nc4 Rf8
22. Nd6 Bc8 23. Qe4 Bd7 24. Rxh7 Qg5 25. Qxg6 Qxg6 26. Bxg6 Ra7 27. f4 Rb8 28.
Bh4 Bc8 29. Rd3 Bf8 30. Rxa7 Nxa7 31. Bf7+ Kh7 32. Rh3 1-0

[Event "CAN-op"]
[Site "Regina CAN"]
[Date "2019.07.13"]
[Round "2.9"]
[White "Bu, Kevin"]
[Black "Huang, Patrick"]
[Result "0-1"]
[WhiteElo "1784"]
[BlackElo "2055"]
[PlyCount "94"]
[EventDate "2019.07.12"]
[EventType "swiss"]
[EventRounds "9"]
[EventCountry "CAN"]

1. d4 g6 2. Nf3 Bg7 3. Bf4 d6 4. h3 Nd7 5. e3 a6 6. c3 b6 7. Be2 Bb7 8. O-O
Ngf6 9. Nbd2 O-O 10. a4 Re8 11. Bh2 Ne4 12. Nxe4 Bxe4 13. Nd2 Bb7 14. Bf3 Bxf3
15. Qxf3 e5 16. Rfd1 Qe7 17. Qc6 Rac8 18. Nc4 e4 19. a5 Qe6 20. Na3 Nb8 21. Qc4
d5 22. Qa4 b5 23. Qc2 Nd7 24. b4 f5 25. Qd2 Bf8 26. Nc2 Bd6 27. Ne1 Nf8 28. Qe2
Re7 29. Bf4 Qf6 30. g3 g5 31. Bxd6 cxd6 32. Rac1 Ng6 33. Ng2 Rg7 34. Kh1 Kh8
35. f4 gxf4 36. exf4 Rcg8 37. Rg1 Ne7 38. Ne3 Rxg3 39. Rxg3 Rxg3 40. Rg1 Rxh3+
41. Kg2 Qh4 42. Nf1 Ng6 43. Qf2 Nxf4+ 44. Qxf4 Qxf4 45. Kxh3 Qf3+ 46. Kh2 Qf2+
47. Kh1 e3 0-1

[Event "CAN-op"]
[Site "Regina CAN"]
[Date "2019.07.13"]
[Round "2.10"]
[White "Mills, Morgon"]
[Black "Taylor, Tom"]
[Result "1-0"]
[WhiteElo "2036"]
[BlackElo "1926"]
[PlyCount "73"]
[EventDate "2019.07.12"]
[EventType "swiss"]
[EventRounds "9"]
[EventCountry "CAN"]

1. e4 d5 2. exd5 Nf6 3. d4 Bg4 4. Nf3 Qxd5 5. Be2 Nc6 6. c4 Qf5 7. Qa4 e6 8. h3
Bxf3 9. Bxf3 Qa5+ 10. Qxa5 Nxa5 11. b3 Bb4+ 12. Bd2 Bxd2+ 13. Nxd2 O-O-O 14. b4
Nc6 15. Bxc6 bxc6 16. Nf3 Nd7 17. O-O-O f6 18. Kc2 Rhe8 19. Rhe1 Re7 20. Re3
Rde8 21. Rde1 Kd8 22. Ra3 Nb6 23. Rxa7 Nxc4 24. Kb3 Nb6 25. Ra5 Kd7 26. Rc5 Nd5
27. Rec1 Rb8 28. a3 Rb6 29. g3 Re8 30. Nd2 Reb8 31. R5c4 Re8 32. R4c2 Ra8 33.
Ne4 Re8 34. Nc5+ Kd6 35. Re1 Re7 36. Rce2 e5 37. f4 1-0

[Event "CAN-op"]
[Site "Regina CAN"]
[Date "2019.07.13"]
[Round "2.11"]
[White "Vasic, Maxim"]
[Black "Wolchock, Theo"]
[Result "0-1"]
[WhiteElo "1964"]
[BlackElo "2032"]
[PlyCount "44"]
[EventDate "2019.07.12"]
[EventType "swiss"]
[EventRounds "9"]
[EventCountry "CAN"]

1. d4 Nf6 2. c4 g6 3. Nc3 Bg7 4. e4 d6 5. f3 O-O 6. Nge2 Nbd7 7. Be3 a6 8. Qd2
b5 9. cxb5 axb5 10. Nxb5 c6 11. Na3 e5 12. dxe5 Nxe5 13. Nc3 d5 14. Be2 dxe4
15. Qxd8 Rxd8 16. O-O exf3 17. Bxf3 Nxf3+ 18. Rxf3 Nd5 19. Bd2 Bg4 20. Rg3 Be6
21. Nxd5 cxd5 22. Rb3 Rxa3 0-1

[Event "CAN-op"]
[Site "Regina CAN"]
[Date "2019.07.13"]
[Round "2.12"]
[White "Srinivasan, Hermant"]
[Black "Jiang, Kate"]
[Result "1/2-1/2"]
[WhiteElo "1688"]
[BlackElo "1463"]
[PlyCount "86"]
[EventDate "2019.07.12"]
[EventType "swiss"]
[EventRounds "9"]
[EventCountry "CAN"]

1. d4 d5 2. c4 c6 3. Nc3 Nf6 4. Nf3 e6 5. Bg5 Nbd7 6. e3 Be7 7. Rc1 O-O 8. Qc2
h6 9. Bh4 a6 10. Bd3 dxc4 11. Bxc4 b5 12. Bd3 c5 13. Ne4 c4 14. Nxf6+ Nxf6 15.
Bxf6 Bb4+ 16. Nd2 Qxf6 17. Be4 Rb8 18. O-O Bb7 19. Nf3 Rfd8 20. Ne5 Bd6 21. f4
Qe7 22. Rf3 Qe8 23. Bxb7 Rxb7 24. Qe4 Rc7 25. Rg3 f5 26. Qf3 Bxe5 27. fxe5 Qf7
28. Qe2 Rdc8 29. Qd2 Kh8 30. Qa5 Rc6 31. Rf3 Qc7 32. Qxc7 R8xc7 33. Rf2 b4 34.
Rfc2 Kg8 35. Kf2 Kf7 36. Kf3 g5 37. e4 Kg6 38. d5 fxe4+ 39. Kxe4 exd5+ 40. Kxd5
c3 41. bxc3 Rxc3 42. Rxc3 bxc3 43. e6 c2 1/2-1/2

[Event "CAN-op"]
[Site "Regina CAN"]
[Date "2019.07.13"]
[Round "2.13"]
[White "Wang, Elon"]
[Black "Chandra, Anand Rishi"]
[Result "0-1"]
[WhiteElo "1529"]
[BlackElo "1883"]
[PlyCount "78"]
[EventDate "2019.07.12"]
[EventType "swiss"]
[EventRounds "9"]
[EventCountry "CAN"]

1. e4 e5 2. Nf3 Nc6 3. Bb5 a6 4. Bxc6 dxc6 5. O-O f6 6. d4 exd4 7. Qxd4 Qxd4 8.
Nxd4 Bc5 9. Nb3 Bb6 10. Nc3 Ne7 11. Na4 Ba7 12. Bf4 Bb8 13. Be3 b6 14. Rad1 c5
15. Rd2 Bb7 16. Rfd1 Ba7 17. f3 Ng6 18. Naxc5 bxc5 19. Bxc5 Bxc5+ 20. Nxc5 Bc6
21. Ne6 Ke7 22. Nxc7 Ra7 23. Nd5+ Bxd5 24. exd5 Kd6 25. Re1 Re7 26. Rxe7 Nxe7
27. Kf2 Rc8 28. b3 Rc3 29. g4 Nxd5 30. h4 Ke6 31. Re2+ Kf7 32. h5 Nb4 33. Rd2
Rxc2 34. Rxc2 Nxc2 35. Ke2 Nb4 36. a4 Ke6 37. Ke3 Ke5 38. f4+ Kd5 39. g5 f5 0-1

[Event "CAN-op"]
[Site "Regina CAN"]
[Date "2019.07.13"]
[Round "2.14"]
[White "Bince, Rolando"]
[Black "McDonald, Mike"]
[Result "1/2-1/2"]
[WhiteElo "1857"]
[BlackElo "1741"]
[PlyCount "101"]
[EventDate "2019.07.12"]
[EventType "swiss"]
[EventRounds "9"]
[EventCountry "CAN"]

1. c4 Nf6 2. Nc3 g6 3. g3 e5 4. Bg2 Bg7 5. Nf3 Nc6 6. d4 exd4 7. Nxd4 O-O 8.
Nxc6 dxc6 9. O-O Qxd1 10. Rxd1 Be6 11. b3 Rad8 12. Bb2 Bf5 13. Kf1 Bc2 14. Rxd8
Rxd8 15. Ke1 Ne4 16. Bxe4 Bxe4 17. f3 Bf5 18. Na4 Bf8 19. Bc3 b5 20. Nb2 h5 21.
Rd1 Rxd1+ 22. Kxd1 h4 23. g4 Be6 24. h3 f5 25. Nd3 bxc4 26. Nf4 Bf7 27. gxf5
gxf5 28. b4 Bg7 29. Kc2 Bxc3 30. Kxc3 Kg7 31. Ng2 Kf6 32. Nxh4 Ke5 33. e3 a6
34. Ng2 c5 35. a3 cxb4+ 36. axb4 c5 37. Nf4 cxb4+ 38. Kxb4 Be8 39. Kxc4 Bc6 40.
Nd3+ Kf6 41. Ne1 Kg5 42. Kd4 Kh4 43. Ke5 Bd7 44. Nc2 a5 45. Kd6 Bc8 46. Kc7 Ba6
47. Kb6 Bd3 48. Ne1 Be2 49. Kxa5 Kxh3 50. Kb4 Kg3 51. Kc3 1/2-1/2

[Event "CAN-op"]
[Site "Regina CAN"]
[Date "2019.07.13"]
[Round "2.15"]
[White "Darvekar, Yash"]
[Black "Ratte, Cameron"]
[Result "1/2-1/2"]
[WhiteElo "1495"]
[BlackElo "1857"]
[PlyCount "114"]
[EventDate "2019.07.12"]
[EventType "swiss"]
[EventRounds "9"]
[EventCountry "CAN"]

1. e4 c5 2. Nf3 Nc6 3. c3 d5 4. exd5 Qxd5 5. d4 Bg4 6. Be2 Rd8 7. c4 Qd7 8. d5
Bxf3 9. Bxf3 Ne5 10. Na3 Nxf3+ 11. Qxf3 g6 12. O-O Bg7 13. Re1 Bf6 14. Nb5 a6
15. Nc3 Kf8 16. Ne4 Bd4 17. Ng5 Nf6 18. Ne4 Kg7 19. Be3 Bxe3 20. Rxe3 Nxe4 21.
Rxe4 Rhe8 22. h3 e6 23. Rd1 exd5 24. Rxd5 Qc7 25. Rxe8 Rxe8 26. g3 Qe7 27. Kg2
b6 28. Qc3+ Kg8 29. Qf3 Qe2 30. Rd7 Qxc4 31. Qc6 Qe4+ 32. Qxe4 Rxe4 33. Kf3 Ra4
34. a3 Rc4 35. Rd6 b5 36. Rxa6 Rc2 37. b4 cxb4 38. axb4 Rb2 39. Rb6 Rxb4 40.
Ke3 Kg7 41. Kd3 Rb2 42. Ke4 b4 43. Ke3 b3 44. h4 h5 45. Kf3 Rb1 46. Ke3 b2 47.
Kf3 Kf8 48. Kf4 Kg7 49. Kf3 f6 50. Ke2 Kh6 51. Kf3 Kg7 52. Ke2 g5 53. Rb5 Kg6
54. Kf3 gxh4 55. gxh4 Rh1 56. Rxb2 Rxh4 57. Kg3 Rg4+ 1/2-1/2

[Event "CAN-op"]
[Site "Regina CAN"]
[Date "2019.07.13"]
[Round "2.17"]
[White "Sorgard, Graham"]
[Black "Albzour, Abdalsalam"]
[Result "1-0"]
[WhiteElo "1960"]
[BlackElo "1794"]
[PlyCount "43"]
[EventDate "2019.07.12"]
[EventType "swiss"]
[EventRounds "9"]
[EventCountry "CAN"]

1. e4 e6 2. d3 c6 3. f4 d5 4. Nd2 Nf6 5. e5 Nfd7 6. Ngf3 Be7 7. d4 a6 8. Bd3 b5
9. O-O O-O 10. Ng5 Bxg5 11. fxg5 Qxg5 12. Nf3 Qe7 13. Bxh7+ Kh8 14. Ng5 g6 15.
Qg4 f6 16. Bxg6 fxg5 17. Qh5+ Kg8 18. Bxg5 Qg7 19. Bh6 Qe7 20. Bxf8 Nxf8 21.
Rxf8+ Kxf8 22. Qh8# 1-0

[Event "CAN-op"]
[Site "Regina CAN"]
[Date "2019.07.13"]
[Round "2.18"]
[White "Chen, Andrew"]
[Black "Landstrom, William"]
[Result "1-0"]
[WhiteElo "1778"]
[BlackElo "1516"]
[PlyCount "63"]
[EventDate "2019.07.12"]
[EventType "swiss"]
[EventRounds "9"]
[EventCountry "CAN"]

1. e4 d6 2. d4 Nf6 3. Nc3 e5 4. dxe5 dxe5 5. Qxd8+ Kxd8 6. Bc4 Ke8 7. Nge2 Nc6
8. Bg5 Be6 9. Bxe6 fxe6 10. O-O-O Bc5 11. f3 a6 12. Kb1 h6 13. Bc1 Ke7 14. a3
Rad8 15. b4 Ba7 16. Na4 b5 17. Nb2 Nd7 18. c4 bxc4 19. Nxc4 Nb6 20. Nb2 Nc8 21.
Nd3 Nd6 22. Ka2 Nb5 23. Bb2 Nbd4 24. Nxd4 exd4 25. Rc1 Nb8 26. Rxc7+ Rd7 27.
Rhc1 Rhd8 28. Ne5 Bb6 29. Rxd7+ Nxd7 30. Nc6+ Ke8 31. Nxd8 Kxd8 32. f4 1-0

[Event "CAN-op"]
[Site "Regina CAN"]
[Date "2019.07.13"]
[Round "2.19"]
[White "Basko, Yauheni"]
[Black "Dixit, Arun"]
[Result "0-1"]
[WhiteElo "1800"]
[BlackElo "1775"]
[PlyCount "122"]
[EventDate "2019.07.12"]
[EventType "swiss"]
[EventRounds "9"]
[EventCountry "CAN"]

1. e4 c5 2. Nf3 g6 3. d4 cxd4 4. Nxd4 Bg7 5. Nc3 Nc6 6. Be3 Nf6 7. f3 O-O 8.
Qd2 d5 9. O-O-O dxe4 10. Nxc6 Qxd2+ 11. Rxd2 bxc6 12. Nxe4 Nd5 13. Bg5 f6 14.
c4 fxg5 15. cxd5 cxd5 16. Nxg5 h6 17. Nh3 Bxh3 18. gxh3 Rac8+ 19. Kb1 d4 20.
Rg1 Rxf3 21. Be2 Rf4 22. Rxg6 Kf7 23. Ra6 Rc7 24. a4 e5 25. Rc2 Rd7 26. Rc8 Bf6
27. Bh5+ Kg7 28. Re6 Rh4 29. Bg4 Rf7 30. Ree8 Kg6 31. Rg8+ Bg7 32. Be6 Re7 33.
Bd5 e4 34. Rc2 d3 35. Rg2+ Kf6 36. Bc4 Rxh3 37. Rd8 Kf5 38. Rf2+ Rf3 39. Rxf3+
exf3 40. Rxd3 Kf4 41. Bd5 Re3 42. Rd2 Re2 43. Rd3 Rxb2+ 44. Kc1 Rf2 45. Kd1
Rf1+ 46. Kc2 Be5 47. Bc6 h5 48. Bd5 h4 49. Bc6 h3 50. Bd7 Rf2+ 51. Rd2 Ke3 52.
Rxf2 Kxf2 53. Bxh3 Ke1 54. Kd3 Bxh2 55. Ke3 f2 56. a5 f1=Q 57. Bxf1 Kxf1 58.
Kd4 Ke2 59. Kc5 Kd3 60. Kb5 Bg1 61. Kb4 a6 0-1

[Event "CAN-op"]
[Site "Regina CAN"]
[Date "2019.07.13"]
[Round "2.20"]
[White "Green, Jim"]
[Black "Yang, Jingyun (Ryan)"]
[Result "0-1"]
[WhiteElo "1772"]
[BlackElo "1704"]
[PlyCount "74"]
[EventDate "2019.07.12"]
[EventType "swiss"]
[EventRounds "9"]
[EventCountry "CAN"]

1. e4 e5 2. Nf3 Nc6 3. d4 exd4 4. Nxd4 Bc5 5. Nxc6 Qf6 6. Qf3 Qxf3 7. gxf3 dxc6
8. Bf4 Bd6 9. e5 Bc5 10. Nd2 Be6 11. Ne4 Bb4+ 12. c3 Bf8 13. Bd3 O-O-O 14. Ke2
Ne7 15. Bg5 h6 16. Be3 Nd5 17. Rhg1 Nxe3 18. fxe3 g6 19. Nf2 Be7 20. a4 Bh4 21.
Ne4 Rd5 22. f4 Rxd3 23. Kxd3 Bf5 24. Ke2 Bxe4 25. Rgd1 Bf5 26. Rd2 Be7 27. b4
c5 28. b5 h5 29. Kf3 Rg8 30. e4 Bg4+ 31. Kg3 Be6 32. a5 f6 33. b6 cxb6 34. a6
fxe5 35. fxe5 b5 36. axb7+ Kxb7 37. c4 b4 0-1

[Event "CAN-op"]
[Site "Regina CAN"]
[Date "2019.07.14"]
[Round "3.1"]
[White "Cherniaev, Alexander"]
[Black "Gottuk, Stefan"]
[Result "1-0"]
[WhiteElo "2396"]
[BlackElo "2115"]
[PlyCount "65"]
[EventDate "2019.07.12"]
[EventType "swiss"]
[EventRounds "9"]
[EventCountry "CAN"]

1. d4 f5 2. c4 Nf6 3. Nc3 d6 4. g3 g6 5. Bg2 Bg7 6. Nh3 c6 7. O-O O-O 8. d5 e5
9. dxe6 Bxe6 10. Qb3 Qe7 11. Ng5 Bc8 12. e4 h6 13. c5+ Kh8 14. cxd6 Qd7 15. Nh3
fxe4 16. Nf4 Qf5 17. Bh3 Ng4 18. Bxg4 Qxg4 19. Nxe4 Kh7 20. f3 Qf5 21. Be3 Be5
22. Rad1 b6 23. Rf2 Bd7 24. h4 Bxf4 25. Bxf4 Be6 26. Qe3 Nd7 27. Bxh6 Rfe8 28.
Bg5 Bd5 29. Be7 Bxe4 30. fxe4 Qe6 31. Rdf1 Rg8 32. Qc3 Ne5 33. Rf6 1-0

[Event "CAN-op"]
[Site "Regina CAN"]
[Date "2019.07.13"]
[Round "3.2"]
[White "Sohal, Tanraj"]
[Black "Wiebe, Isaac"]
[Result "1/2-1/2"]
[WhiteElo "2241"]
[BlackElo "2062"]
[PlyCount "45"]
[EventDate "2019.07.12"]
[EventType "swiss"]
[EventRounds "9"]
[EventCountry "CAN"]

1. d4 d5 2. c4 dxc4 3. Nf3 a6 4. e3 Bg4 5. Bxc4 e6 6. Nc3 Nc6 7. O-O Nf6 8. a3
Bd6 9. b4 O-O 10. h3 Bh5 11. Be2 Qe8 12. Nd2 Bg6 13. Nc4 e5 14. Nxd6 cxd6 15.
b5 Ne7 16. dxe5 dxe5 17. a4 Qc8 18. Qb3 Rd8 19. Ba3 Ned5 20. Rac1 Nxc3 21. Rxc3
Qf5 22. Bf3 Ne4 23. Bxe4 1/2-1/2

[Event "CAN-op"]
[Site "Regina CAN"]
[Date "2019.07.14"]
[Round "3.3"]
[White "Huang, Patrick"]
[Black "Zhao, Ian"]
[Result "0-1"]
[WhiteElo "2055"]
[BlackElo "2198"]
[PlyCount "66"]
[EventDate "2019.07.12"]
[EventType "swiss"]
[EventRounds "9"]
[EventCountry "CAN"]

1. d4 Nf6 2. Bf4 e6 3. e3 c5 4. c3 d5 5. Nd2 Bd6 6. Bg3 O-O 7. Bd3 Qc7 8. Ngf3
Nbd7 9. e4 dxe4 10. Nxe4 Nxe4 11. Bxe4 Nf6 12. Bd3 b6 13. Qe2 Bb7 14. O-O-O
Bxf3 15. Qxf3 cxd4 16. Be4 Nxe4 17. Qxe4 e5 18. Kb1 dxc3 19. Rc1 Qe7 20. Rxc3
Rad8 21. Bh4 f6 22. g4 Bc5 23. Rg1 Rd4 24. Qg2 Qd7 25. Rcc1 g5 26. Bg3 Qxg4 27.
Ka1 Rd2 28. h4 Qd4 29. Rc3 Ba3 30. Bxe5 Qxe5 31. hxg5 Bxb2+ 32. Kb1 Qf5+ 33.
Rc2 Qxc2# 0-1

[Event "CAN-op"]
[Site "Regina CAN"]
[Date "2019.07.13"]
[Round "3.4"]
[White "Haessel, Dale"]
[Black "Mills, Morgon"]
[Result "1-0"]
[WhiteElo "2148"]
[BlackElo "2036"]
[PlyCount "111"]
[EventDate "2019.07.12"]
[EventType "swiss"]
[EventRounds "9"]
[EventCountry "CAN"]

1. d4 Nf6 2. c4 g6 3. Nc3 d5 4. cxd5 Nxd5 5. e4 Nxc3 6. bxc3 Bg7 7. Qa4+ Nd7 8.
Nf3 O-O 9. Be2 e5 10. O-O exd4 11. cxd4 Re8 12. Qc2 Qe7 13. Bd3 c6 14. Rb1 Nb6
15. h3 Be6 16. a4 Qd7 17. a5 Nc8 18. d5 Bxh3 19. dxc6 Qg4 20. Ne1 bxc6 21. Qxc6
Ne7 22. Qc7 Qc8 23. Qxc8 Bxc8 24. Bb5 Rb8 25. Bf4 Rxb5 26. Rxb5 Ba6 27. Rc5 Bd4
28. Rc7 Bxf1 29. Kxf1 f5 30. Nf3 fxe4 31. Rxe7 Rxe7 32. Nxd4 Rd7 33. Be3 Rd5
34. Nc6 Kf7 35. Bxa7 Ke6 36. Bb6 Rd1+ 37. Ke2 Ra1 38. Ke3 Kd5 39. Ne7+ Ke6 40.
Nc6 Kd5 41. Nb8 Rb1 42. Nd7 Re1+ 43. Kf4 Rh1 44. Nf6+ Kc6 45. Nxe4 Rh4+ 46. Ke5
Rh5+ 47. Kf6 Rh4 48. Nd2 Kb5 49. g3 Rh1 50. Nf3 Rh5 51. Nd4+ Ka6 52. Ne6 Kb7
53. Kg7 g5 54. Nf8 h6 55. Kg6 Rh2 56. Nd7 1-0

[Event "CAN-op"]
[Site "Regina CAN"]
[Date "2019.07.14"]
[Round "3.5"]
[White "Hemstapat, Andrew"]
[Black "Malek, Omid"]
[Result "1-0"]
[WhiteElo "2069"]
[BlackElo "2141"]
[PlyCount "77"]
[EventDate "2019.07.12"]
[EventType "swiss"]
[EventRounds "9"]
[EventCountry "CAN"]

1. e4 e6 2. Nf3 d5 3. Nc3 Nf6 4. e5 Nfd7 5. d4 c5 6. Bg5 Qb6 7. dxc5 Bxc5 8.
Qd2 Qxb2 9. Rb1 Qa3 10. Nb5 Qxa2 11. Nc7+ Kf8 12. Rc1 Nc6 13. Nxa8 d4 14. c3
Qa5 15. Nxd4 Ncxe5 16. Be2 h6 17. Be3 Be7 18. O-O Qd8 19. f4 Ng6 20. Rcd1 Kg8
21. f5 exf5 22. Nxf5 Kh7 23. Bb5 Nde5 24. Nxe7 Qxe7 25. Ra1 Qd8 26. Bd4 Be6 27.
Rxa7 Qd5 28. Be2 Nc6 29. Ra4 b5 30. Raa1 b4 31. Qe3 Qg5 32. Bf3 Nxd4 33. Qxd4
b3 34. Ra7 Qd8 35. Nc7 Bc8 36. Be4 Bh3 37. Kh1 Bg4 38. Nd5 b2 39. Raxf7 1-0

[Event "CAN-op"]
[Site "Regina CAN"]
[Date "2019.07.14"]
[Round "3.7"]
[White "Ma, Derek"]
[Black "Ehab, Mohamed"]
[Result "1-0"]
[WhiteElo "1925"]
[BlackElo "2006"]
[PlyCount "35"]
[EventDate "2019.07.12"]
[EventType "swiss"]
[EventRounds "9"]
[EventCountry "CAN"]

1. e4 c5 2. Nf3 e6 3. d4 cxd4 4. Nxd4 Nc6 5. Nc3 a6 6. Be3 Qc7 7. Bd3 Bb4 8.
O-O Nf6 9. h3 Bxc3 10. bxc3 d6 11. f4 e5 12. Nxc6 Qxc6 13. fxe5 dxe5 14. Bg5
Nd7 15. Qh5 O-O 16. Be7 Nf6 17. Rxf6 gxf6 18. Qh6 1-0

[Event "CAN-op"]
[Site "Regina CAN"]
[Date "2019.07.14"]
[Round "3.8"]
[White "Demchenko, Kiril"]
[Black "Chen, Andrew"]
[Result "1-0"]
[WhiteElo "2004"]
[BlackElo "1778"]
[PlyCount "45"]
[EventDate "2019.07.12"]
[EventType "swiss"]
[EventRounds "9"]
[EventCountry "CAN"]

1. e4 e5 2. Nf3 Nc6 3. Bb5 a6 4. Ba4 Nf6 5. O-O Be7 6. Re1 b5 7. Bb3 d6 8. c3
Bg4 9. h3 Bh5 10. d3 O-O 11. Nbd2 d5 12. Qc2 d4 13. Nh2 Re8 14. Ndf1 Qd6 15. g4
Bg6 16. c4 Nd7 17. cxb5 axb5 18. Ng3 Nb4 19. Qd2 c5 20. a3 Rec8 21. Rb1 c4 22.
Bc2 Bg5 23. Qxb4 1-0

[Event "CAN-op"]
[Site "Regina CAN"]
[Date "2019.07.14"]
[Round "3.9"]
[White "Dixit, Arun"]
[Black "Yao, Sammy"]
[Result "1-0"]
[WhiteElo "1775"]
[BlackElo "1986"]
[PlyCount "103"]
[EventDate "2019.07.12"]
[EventType "swiss"]
[EventRounds "9"]
[EventCountry "CAN"]

1. d4 d6 2. e4 g6 3. Nf3 Bg7 4. Be2 a6 5. O-O b5 6. a4 b4 7. c3 Nf6 8. e5 dxe5
9. Nxe5 bxc3 10. bxc3 O-O 11. Bf3 Ra7 12. Ba3 Nfd7 13. Nd3 Bb7 14. Nd2 Re8 15.
Re1 a5 16. Bxb7 Rxb7 17. Nc4 Ra7 18. Qf3 Nb6 19. Bc5 N8d7 20. Nde5 Nxe5 21.
Nxe5 Bxe5 22. Rxe5 Ra8 23. Bxb6 cxb6 24. Rb5 Qc7 25. Qd3 Rec8 26. Re1 Qf4 27.
Qe3 Qxe3 28. fxe3 Rc4 29. Rxb6 Rxa4 30. c4 Kf8 31. c5 Ke8 32. Kf2 Kd8 33. Rb7
Ra2+ 34. Kf3 a4 35. c6 a3 36. Rd7+ Ke8 37. Rb1 Rc2 38. Ra7 Rc8 39. d5 a2 40.
Rbb7 Rd2 41. Rxe7+ Kf8 42. Rxf7+ Kg8 43. Rg7+ Kf8 44. Rxh7 Kg8 45. Rhg7+ Kh8
46. Rh7+ Kg8 47. Rhg7+ Kh8 48. Rxg6 Rf8+ 49. Kg3 Rff2 50. c7 Rxg2+ 51. Kf3
Rdf2+ 52. Ke4 1-0

[Event "CAN-op"]
[Site "Regina CAN"]
[Date "2019.07.14"]
[Round "3.10"]
[White "Castillo, Rey"]
[Black "Srinivasan, Hermant"]
[Result "0-1"]
[WhiteElo "1965"]
[BlackElo "1688"]
[PlyCount "80"]
[EventDate "2019.07.12"]
[EventType "swiss"]
[EventRounds "9"]
[EventCountry "CAN"]

1. c4 e5 2. Nc3 Nc6 3. Nf3 g6 4. d3 Bg7 5. e4 d6 6. Be3 f5 7. Bg5 Nce7 8. Qb3
c6 9. O-O-O Nf6 10. h3 Qc7 11. Kb1 Be6 12. Bxf6 Bxf6 13. d4 exd4 14. Nxd4 Bxd4
15. Rxd4 O-O-O 16. f3 Rhf8 17. Be2 Ng8 18. Rc1 Kb8 19. Qa3 fxe4 20. Nxe4 Bf5
21. Ka1 Bxe4 22. fxe4 Nf6 23. Bf3 Rfe8 24. b4 c5 25. bxc5 dxc5 26. Rxd8+ Rxd8
27. Qc3 Rd4 28. Re1 Qe5 29. Kb2 Nd7 30. Rd1 Nb6 31. Rxd4 Na4+ 32. Kb3 Nxc3 33.
Rd3 Nxe4 34. Kc2 Nf6 35. Rb3 b6 36. a4 Qa1 37. Bc6 Qa2+ 38. Kc3 Kc7 39. Rb2
Qa3+ 40. Rb3 Qc1+ 0-1

[Event "CAN-op"]
[Site "Regina CAN"]
[Date "2019.07.14"]
[Round "3.11"]
[White "Windram, James"]
[Black "Jiang, Kate"]
[Result "1/2-1/2"]
[WhiteElo "1907"]
[BlackElo "1463"]
[PlyCount "123"]
[EventDate "2019.07.12"]
[EventType "swiss"]
[EventRounds "9"]
[EventCountry "CAN"]

1. e4 e5 2. Nf3 Nc6 3. Bb5 a6 4. Ba4 Nf6 5. O-O Be7 6. Re1 b5 7. Bb3 d6 8. c3
O-O 9. h3 Nb8 10. d4 Nbd7 11. Nbd2 Bb7 12. Bc2 Re8 13. Nf1 Bf8 14. Ng3 g6 15.
a4 Bg7 16. b3 exd4 17. cxd4 b4 18. Ra2 a5 19. Bd3 c5 20. d5 Qc8 21. Bf4 Bf8 22.
Nd2 Nb6 23. Rc2 Ba6 24. Qe2 Nbxd5 25. Bxa6 Qxa6 26. Qxa6 Rxa6 27. Be3 Nxe3 28.
Rxe3 d5 29. exd5 Rxe3 30. fxe3 Nxd5 31. Nc4 Bh6 32. Kf2 Rf6+ 33. Ke2 Re6 34. e4
f5 35. Nxa5 Nc3+ 36. Ke1 fxe4 37. Ne2 Bg7 38. Nxc3 Bxc3+ 39. Ke2 Rf6 40. Nc4
Kf7 41. Ke3 Re6 42. Rf2+ Ke7 43. Rf4 Bd4+ 44. Ke2 h6 45. Nd2 e3 46. Nc4 Kd7 47.
Rf3 Kc6 48. g3 Kd5 49. a5 Kc6 50. Rf1 Kb5 51. Rf7 h5 52. Rb7+ Ka6 53. Rb6+ Rxb6
54. axb6 Kb7 55. g4 Ka6 56. Kf3 hxg4+ 57. hxg4 Kb7 58. Ke2 Kc6 59. Kf3 g5 60.
Ke2 Kb7 61. Kf3 Kc6 62. Ke2 1/2-1/2

[Event "CAN-op"]
[Site "Regina CAN"]
[Date "2019.07.14"]
[Round "3.12"]
[White "Wang, Paul"]
[Black "Sorgard, Graham"]
[Result "1-0"]
[WhiteElo "1902"]
[BlackElo "1960"]
[PlyCount "51"]
[EventDate "2019.07.12"]
[EventType "swiss"]
[EventRounds "9"]
[EventCountry "CAN"]

1. e4 g6 2. d4 Bg7 3. Nc3 d6 4. g3 Nc6 5. Nge2 Bg4 6. Qd3 e5 7. d5 Nce7 8. h3
Bd7 9. Bg2 f5 10. Be3 Nf6 11. Qd2 fxe4 12. Bxe4 Nxe4 13. Nxe4 Nf5 14. Bg5 Qc8
15. g4 O-O 16. gxf5 gxf5 17. N4c3 f4 18. O-O-O Bxh3 19. Rdg1 Kh8 20. Ne4 h6 21.
Qd3 f3 22. N2c3 Qf5 23. Qe3 h5 24. Ng3 Qg4 25. Nxh5 Qxh5 26. Rg3 1-0

[Event "CAN-op"]
[Site "Regina CAN"]
[Date "2019.07.14"]
[Round "3.13"]
[White "Taylor, Tom"]
[Black "Chandra, Anand Rishi"]
[Result "0-1"]
[WhiteElo "1926"]
[BlackElo "1883"]
[PlyCount "126"]
[EventDate "2019.07.12"]
[EventType "swiss"]
[EventRounds "9"]
[EventCountry "CAN"]

1. e4 e5 2. Nf3 Nc6 3. d4 exd4 4. Bb5 Bc5 5. O-O Nge7 6. Ng5 Ng6 7. Re1 h6 8.
Nf3 O-O 9. Nbd2 d5 10. exd5 Qxd5 11. Nb3 Bb4 12. Bxc6 bxc6 13. Bd2 Bxd2 14.
Qxd2 c5 15. Qa5 Bg4 16. Nfd2 Nh4 17. f3 Bf5 18. Rac1 Rab8 19. Qxc7 Rb7 20. Qe5
Rd8 21. Qxd5 Rxd5 22. Nc4 Be6 23. Re5 Rxe5 24. Nxe5 Rc7 25. c4 Bf5 26. Rd1 f6
27. Nd3 Bxd3 28. Rxd3 Nf5 29. Nd2 Rb7 30. b3 Nd6 31. a3 a5 32. Kf2 Kf7 33. Ke2
Ke6 34. Kd1 Kd7 35. Kc2 Nf5 36. Ne4 Kc6 37. Kd2 Ne3 38. g4 a4 39. b4 Nxc4+ 40.
Ke2 cxb4 41. axb4 Rxb4 42. Rxd4 a3 43. Nc3 Rb2+ 44. Kd3 Nb6 45. Re4 a2 46. Re1
Nd5 47. Nxa2 Rxa2 48. h4 Rh2 49. h5 Kd6 50. Ke4 Rb2 51. Rd1 Rb4+ 52. Kf5 Rb7
53. Ke4 Re7+ 54. Kf5 Re5+ 55. Kg6 Rg5+ 56. Kf7 Ke5 57. Re1+ Kf4 58. Rf1 Ne3 59.
Rf2 Kg3 60. f4 Kxf2 61. fxg5 fxg5 62. Kxg7 Nxg4 63. Kg6 Kg3 0-1

[Event "CAN-op"]
[Site "Regina CAN"]
[Date "2019.07.14"]
[Round "3.14"]
[White "Yang, Jingyun (Ryan)"]
[Black "Wei, Daniel"]
[Result "1-0"]
[WhiteElo "1704"]
[BlackElo "1840"]
[PlyCount "131"]
[EventDate "2019.07.12"]
[EventType "swiss"]
[EventRounds "9"]
[EventCountry "CAN"]

1. e4 c5 2. Nf3 Nc6 3. Nc3 g6 4. Be2 Bg7 5. O-O e5 6. d3 Nge7 7. Be3 d6 8. Qd2
O-O 9. Bh6 f5 10. Bxg7 Kxg7 11. Rad1 Nd4 12. Rfe1 Nec6 13. Nd5 Nxf3+ 14. Bxf3
Nd4 15. Be2 f4 16. f3 Qg5 17. c3 Ne6 18. Qc2 Bd7 19. Bf1 h5 20. Qf2 Bc6 21. b4
Bxd5 22. exd5 Nc7 23. bxc5 Nxd5 24. cxd6 Ne3 25. Rb1 Rf7 26. d4 Rd8 27. Rb5
Rxd6 28. Rxe5 Rf5 29. Rxf5 Qxf5 30. Qb2 Rb6 31. Qa3 Qg5 32. Qc1 h4 33. c4 Rd6
34. d5 Kh6 35. Qb2 Rd7 36. Rb1 h3 37. Qh8+ Rh7 38. Qf8+ Kh5 39. Qg8 Rh6 40. Qe6
hxg2 41. Qh3+ Qh4 42. Qxh4+ Kxh4 43. Bxg2 Rh7 44. Bf1 Kg5 45. Bd3 Kf6 46. Kh1
Rc7 47. d6 Rc6 48. Rg1 Nf5 49. Bxf5 Kxf5 50. Rd1 Rc8 51. d7 Rd8 52. Kg2 g5 53.
Rd5+ Kf6 54. h4 gxh4 55. Kh3 b5 56. cxb5 Ke6 57. Rd4 Ke5 58. Rd3 Kf5 59. a4 Kg5
60. a5 Kf6 61. b6 axb6 62. axb6 Ke7 63. Kxh4 Rb8 64. d8=Q+ Rxd8 65. Rxd8 Kxd8
66. Kg4 1-0